My first songs in English : knižka + maľovanky DVD.

Uložené v:
Podrobná bibliografia
Médium: Kniha
Jazyk:English
Slovak
Vydané: Bratislava : Ikar, 2009.
Vydanie:[1. vyd.]
Témy:
ISBN: 9788055119458 (viaz.)
Fyzický popis: [21] s. : il. ; 21 cm + DVD 758
Tagy: Pridať tag
Žiadne tagy, Buďte prvý kto otaguje tento záznam!

MARC

LEADER 00000nam a2200000 a 4500
001 000354513
005 20121121155822.0
008 090930s2009 xo a b 000 0 eng d
020 |a 9788055119458 (viaz.) 
040 |a SVKKK  |b slo  |c SVKKK  |e AACR2 
041 0 |a eng  |a slo 
044 |a xo  |c SK 
072 7 |a 811.111  |x Angličtina  |2 konspekt 
072 7 |a 821-93  |x Literatúra pre deti a mládež  |2 konspekt 
080 |a 811.111  |2 2001 
080 |a 784.67  |2 2001 
080 |a 821-93  |2 2001 
080 |a (0:82-192)  |2 2001 
245 0 0 |a My first songs in English :  |b knižka + maľovanky DVD. 
246 3 1 |a Najznámejšie anglické pesničky 
250 |a [1. vyd.] 
260 |a Bratislava :  |b Ikar,  |c 2009. 
300 |a [21] s. :  |b il. ;  |c 21 cm +  |e DVD 758 
500 |a Obalový názov 
521 1 |a Pre najmenších čitateľov a speváčikov a pre ich rodičov 
546 |a Súbežný názov aj angl. 
650 0 7 |a angličtina  |2 SVKKKPH 
650 0 7 |a detské piesne  |2 SVKKKPH 
655 7 |a publikácie pre deti  |2 SVKKKPH 
910 |a svkkk 
919 |a 978-80-551-1945-8 
998 |a BK 
090 |g SCKUS  |k Americké centrum  |a IV.215185  |j 1038704  |i 2720158714  |s Voľný výber